Il sommo bene e il sommo male.
Αποθηκεύτηκε σε:
| Κύριος συγγραφέας: | |
|---|---|
| Άλλοι συγγραφείς: | , |
| Μορφή: | Βιβλίο |
| Γλώσσα: | Αγγλικά |
| Έκδοση: |
Milano, Italia:
Fabbri, Bompiani, Sonzogno, Etas,
1992.
|
| Σειρά: | Tascabili Bompiani. Classici e Latini,
C33. |
| Θέματα: | |
| Ετικέτες: |
Προσθήκη ετικέτας
Δεν υπάρχουν, Καταχωρήστε ετικέτα πρώτοι!
|
MARC
| LEADER | 00000nam a22000007a 4500 | ||
|---|---|---|---|
| 003 | CL-VaPUC | ||
| 005 | 20220822114441.0 | ||
| 008 | 220324t1992 ||||| |||| 00| 0 eng d | ||
| 999 | |c 435114 |d 435112 | ||
| 020 | |a 88-452-1894-5 | ||
| 040 | |c Pontificia Universidad Católica de Valparaíso | ||
| 082 | |a 187 CIC 1992 | ||
| 100 | |a Cicerón, Marco Tulio |e autor |9 255203 | ||
| 245 | |a Il sommo bene e il sommo male. | ||
| 260 | |a Milano, Italia: |b Fabbri, Bompiani, Sonzogno, Etas, |c 1992. | ||
| 300 | |a XXXIX, 377 páginas. | ||
| 490 | |a Tascabili Bompiani. Classici e Latini, |v C33. | ||
| 500 | |a c.1 Donación Familia Prof. Alejandro Guzmán Brito. | ||
| 583 | |c 20220324 |k Yessy Stephany Diaz Vidal | ||
| 650 | |a Filosofía antigua |9 255705 | ||
| 700 | |a Demolli, Fabio |e a cura di |9 867684 | ||
| 700 | |a Maspero, Francesco |e presentazione |9 867685 | ||
| 942 | |2 ddc |c BK |n 0 | ||
| 952 | |0 0 |1 0 |2 ddc |4 0 |6 187_000000000000000_CIC_1992 |7 0 |8 C_AGB |9 582119 |a BIBDER |b BIBDER |d 2022-03-24 |e Donación |i 5650353 |o 187 CIC 1992 |p 5650353 |r 2023-01-25 |t 1 |w 2022-03-24 |y BK_US |k AGB | ||